Wittgenstein and phenomenology : a comparative study of the later Wittgenstein, Husserl, Heidegger, and Merleau-Ponty /

Bibliographic Details
Main Author: Gier, Nicholas F., 1944-
Format: Book
Language:English
Published: Albany, N.Y. : State University of New York Press, [1981]
Series:SUNY series in philosophy.
Subjects:

MARC

Tag First Indicator Second Indicator Subfields
LEADER 00000pam a2200000 a 4500
001 in00000072756
005 20151008054620.0
008 801107s1981 nyu b 00110 engm
010 |a  80026980  
020 |a 0873955188 
020 |a 0873955196 (pbk.) 
035 |a (OCoLC)07006781 
035 |9 AAJ1176AM 
040 |a DLC  |c DLC  |d m.c.  |d TXA  |d UtOrBLW 
049 |a TXAM  |c [1442225] 
050 0 0 |a B3376.W564  |b G53 
082 0 |a 192  |2 19 
100 1 |a Gier, Nicholas F.,  |d 1944- 
245 1 0 |a Wittgenstein and phenomenology :  |b a comparative study of the later Wittgenstein, Husserl, Heidegger, and Merleau-Ponty /  |c Nicholas F. Gier. 
264 1 |a Albany, N.Y. :  |b State University of New York Press,  |c [1981] 
264 4 |c ©1981 
300 |a xix, 268 pages ;  |c 24 cm. 
336 |a text  |b txt  |2 rdacontent 
337 |a unmediated  |b n  |2 rdamedia 
338 |a volume  |b nc  |2 rdacarrier 
490 1 |a SUNY series in philosophy 
500 |a Includes index. 
504 |a Bibliography: pages 249-261. 
600 1 0 |a Wittgenstein, Ludwig,  |d 1889-1951. 
650 0 |a Phenomenology. 
830 0 |a SUNY series in philosophy. 
999 |a MARS 
999 f f |s 85eba569-8379-35a5-9aad-178fbc2b106e  |i c4566fde-912d-360f-a1af-c7c6da26e455  |t 0 
952 f f |p ric  |a Texas A&M University  |b Rellis Campus  |c Joint Library Facility  |d Remote Storage  |t 0  |e B3376.W564 G53  |h Library of Congress classification  |i unmediated -- volume  |m A14806084774 
998 f f |a B3376.W564 G53  |t 0  |l Remote Storage